[Event "Rio de Janeiro Cortinhas Memorial 2nd"]
[Site "Rio de Janeiro"]
[Date "2018.05.26"]
[Round "3"]
[White "Chauca, Jose Luis Murga"]
[Black "Morais, Wagner Soares"]
[Result "1/2-1/2"]
[WhiteElo "2044"]
[BlackElo "1852"]
[PlyCount "43"]
[EventDate "2018.05.25"]
[EventType "swiss"]
[EventRounds "5"]
[EventCountry "BRA"]
[SourceTitle "CBM 184 Extra"]
[Source "ChessBase"]
[SourceDate "2018.06.28"]
[SourceVersion "1"]
[SourceVersionDate "2018.06.28"]
[SourceQuality "1"]

1. e4 c5 2. Nf3 d6 3. d4 cxd4 4. Nxd4 Nf6 5. Nc3 g6 6. Be3 Bg7 7. f3 0-0 8. Bc4 Nc6 9. Qd2 Bd7 10. 0-0-0 Rc8 11. Bb3 Ne5 12. Bh6 Bxh6 13. Qxh6 Rxc3 14. bxc3 Qa5 15. h4 Qxc3 16. Kb1 a5 17. a4 Bxa4 18. Bxa4 Qb4+ 19. Bb3 a4 20. Qd2 Qxd2 21. Rxd2 axb3 22. cxb3 1/2-1/2

[Event "Rio de Janeiro Cortinhas Memorial 2nd"]
[Site "Rio de Janeiro"]
[Date "2018.05.26"]
[Round "2"]
[White "Rios Filho, Hilton Carlos da Si"]
[Black "Chauca, Jose Luis Murga"]
[Result "1/2-1/2"]
[WhiteElo "2123"]
[BlackElo "2044"]
[PlyCount "49"]
[EventDate "2018.05.25"]
[EventType "swiss"]
[EventRounds "5"]
[EventCountry "BRA"]
[SourceTitle "CBM 184 Extra"]
[Source "ChessBase"]
[SourceDate "2018.06.28"]
[SourceVersion "1"]
[SourceVersionDate "2018.06.28"]
[SourceQuality "1"]

1. d4 Nf6 2. c4 e6 3. Nf3 d5 4. Qc2 Bb4+ 5. Nbd2 0-0 6. g3 c5 7. a3 Bxd2+ 8. Bxd2 cxd4 9. Nxd4 e5 10. Nf3 Nc6 11. Bg2 h6 12. cxd5 Qxd5 13. 0-0 e4 14. Ne1 Nd4 15. Qd1 Nb3 16. Bc3 Nxa1 17. Qxa1 Qe6 18. Nc2 Nd5 19. Bd4 Re8 20. b3 f6 21. Qb2 Bd7 22. Rd1 Bc6 23. a4 b6 24. f3 Ne7 25. Bf2 1/2-1/2

[Event "Rio de Janeiro IRT da Alex 1st"]
[Site "Rio de Janeiro"]
[Date "2018.01.11"]
[Round "6"]
[White "Chauca, Jose Luis Murga"]
[Black "Limp, Eduardo Thelio"]
[Result "0-1"]
[WhiteElo "2065"]
[BlackElo "2355"]
[PlyCount "60"]
[EventDate "2018.01.06"]
[EventType "tourn"]
[EventRounds "9"]
[EventCountry "BRA"]
[EventCategory "1"]
[SourceTitle "CBM 182 Extra"]
[Source "ChessBase"]
[SourceDate "2018.02.23"]
[SourceVersion "1"]
[SourceVersionDate "2018.02.23"]
[SourceQuality "1"]

1. e4 e5 2. Nf3 d6 3. d4 exd4 4. Nxd4 Nf6 5. Nc3 Be7 6. Be2 0-0 7. 0-0 a6 8. a4 c5 9. Nf3 Nc6 10. h3 Nb4 11. Bg5 Be6 12. Qc1 h6 13. Bf4 d5 14. exd5 Nbxd5 15. Nxd5 Nxd5 16. Be5 Bf6 17. Bg3 Re8 18. Re1 Bf5 19. c3 Qd7 20. a5 Rad8 21. Kh2 Qc6 22. Bc4 Be4 23. Bb3 Bxf3 24. Rxe8+ Qxe8 25. gxf3 Qe2 26. Bd1 Qe6 27. Bc2 Be5 28. Qe1 Bxg3+ 29. fxg3 Qxe1 30. Rxe1 Nxc3 0-1

[Event "Rio de Janeiro IRT da Alex 1st"]
[Site "Rio de Janeiro"]
[Date "2018.01.08"]
[Round "3"]
[White "Von Buelow, Georg"]
[Black "Chauca, Jose Luis Murga"]
[Result "1-0"]
[WhiteElo "2361"]
[BlackElo "2065"]
[PlyCount "67"]
[EventDate "2018.01.06"]
[EventType "tourn"]
[EventRounds "9"]
[EventCountry "BRA"]
[EventCategory "1"]
[SourceTitle "CBM 182 Extra"]
[Source "ChessBase"]
[SourceDate "2018.02.23"]
[SourceVersion "1"]
[SourceVersionDate "2018.02.23"]
[SourceQuality "1"]

1. Nf3 Nf6 2. c4 e6 3. Nc3 d5 4. d4 Be7 5. Bf4 a6 6. e3 0-0 7. c5 Nc6 8. a3 b6 9. b4 bxc5 10. bxc5 Nh5 11. Bd3 Nxf4 12. exf4 Bf6 13. Ne2 g6 14. h4 h5 15. g3 Ne7 16. Ne5 Nf5 17. Qa4 Kg7 18. Rb1 Bxe5 19. fxe5 Ne7 20. Qa5 Nc6 21. Qc3 Qe7 22. 0-0 Bd7 23. Rfd1 Ra7 24. Kg2 Rfa8 25. Nf4 Qe8 26. g4 hxg4 27. h5 Ne7 28. Be2 Nf5 29. Bxg4 Bc6 30. hxg6 fxg6 31. Rh1 Rb7 32. Qh3 Qg8 33. Bxf5 exf5 34. Qh4 1-0

[Event "Rio de Janeiro IRT da Alex 1st"]
[Site "Rio de Janeiro"]
[Date "2018.01.07"]
[Round "2"]
[White "Chauca, Jose Luis Murga"]
[Black "Aranha Filho, Alvaro Zimmermann"]
[Result "0-1"]
[WhiteElo "2065"]
[BlackElo "2316"]
[PlyCount "52"]
[EventDate "2018.01.06"]
[EventType "tourn"]
[EventRounds "9"]
[EventCountry "BRA"]
[EventCategory "1"]
[SourceTitle "CBM 182 Extra"]
[Source "ChessBase"]
[SourceDate "2018.02.23"]
[SourceVersion "1"]
[SourceVersionDate "2018.02.23"]
[SourceQuality "1"]

1. e4 c5 2. Nf3 Nc6 3. Bb5 g6 4. 0-0 Bg7 5. Re1 e5 6. Nc3 Nge7 7. Bxc6 bxc6 8. d3 0-0 9. Na4 d6 10. b3 f5 11. h3 Kh8 12. c3 Ng8 13. Bb2 Nf6 14. b4 c4 15. exf5 gxf5 16. dxc4 e4 17. Nd4 Qe8 18. c5 f4 19. Bc1 Nd5 20. f3 e3 21. a3 dxc5 22. bxc5 Rg8 23. Kh1 Qh5 24. Ra2 Bf6 25. c4 Ne7 26. Rae2 Rg3 0-1

[Event "Rio de Janeiro Padua Memorial 2nd"]
[Site "Rio de Janeiro"]
[Date "2017.10.14"]
[Round "3"]
[White "Maia, Erick de Figueiredo"]
[Black "Chauca, Jose Luis Murga"]
[Result "0-1"]
[WhiteElo "1667"]
[BlackElo "2063"]
[PlyCount "158"]
[EventDate "2017.10.12"]
[EventType "swiss"]
[EventRounds "6"]
[EventCountry "BRA"]
[SourceTitle "CBM 181 Extra"]
[Source "ChessBase"]
[SourceDate "2017.12.12"]
[SourceVersion "1"]
[SourceVersionDate "2017.12.12"]
[SourceQuality "1"]

1. e4 c5 2. d4 cxd4 3. c3 d3 4. Bxd3 d6 5. Nf3 Nf6 6. c4 e6 7. Nc3 a6 8. 0-0 Be7 9. Qe2 Nbd7 10. Rd1 Qc7 11. h3 0-0 12. Bf4 Ne5 13. Rac1 b6 14. Nxe5 dxe5 15. Be3 Bc5 16. Na4 Bxe3 17. Qxe3 Rb8 18. c5 b5 19. Nb6 Bb7 20. b4 Bc6 21. Bc2 Rfd8 22. g4 h6 23. f3 Rd4 24. Rxd4 exd4 25. Qf2 Rd8 26. Rd1 g5 27. Kg2 Qe5 28. Qg3 Qxg3+ 29. Kxg3 e5 30. Bd3 Kg7 31. a4 h5 32. axb5 axb5 33. Ra1 hxg4 34. hxg4 Nh7 35. Ra7 Nf8 36. Rc7 Be8 37. Rc8 Ne6 38. Rxd8 Nxd8 39. Nc8 Nc6 40. Bxb5 d3 41. Bxd3 Nxb4 42. Bc4 Kf8 43. Nd6 f6 44. Nxe8 Kxe8 45. Kf2 Kd7 46. Ke2 Kc6 47. Bb3 Kxc5 48. Ke3 Nc6 49. Bd1 Kc4 50. Be2+ Kc3 51. Bd1 Nd4 52. Be2 Nc2+ 53. Kf2 Kd2 54. Bf1 Nb4 55. Kg3 Ke1 56. Bb5 Nc2 57. Ba6 Kd2 58. Kf2 Nb4 59. Bf1 Nd3+ 60. Kg3 Nb2 61. Kf2 Nd1+ 62. Kg3 Ke3 63. Ba6 Nc3 64. Bc4 Na4 65. Bb5 Nb6 66. Ba6 Nd7 67. Bf1 Nf8 68. Bc4 Ng6 69. Bf1 Nh4 70. Bg2 Nxg2 71. Kxg2 Ke2 72. Kg3 Kf1 73. f4 exf4+ 74. Kf3 Kg1 75. e5 fxe5 76. Ke4 Kg2 77. Kxe5 f3 78. Kf5 f2 79. Kxg5 f1Q 0-1

[Event "Belem op 2nd"]
[Site "Belem"]
[Date "2017.07.07"]
[Round "1"]
[White "Chauca, Jose Luis Murga"]
[Black "Ribeiro, Carlos Henrique Cal"]
[Result "1-0"]
[WhiteElo "2050"]
[BlackElo "1486"]
[PlyCount "63"]
[EventDate "2017.07.07"]
[EventType "swiss"]
[EventRounds "6"]
[EventCountry "BRA"]
[SourceTitle "EXT 2018"]
[Source "ChessBase"]
[SourceDate "2017.10.13"]
[SourceVersion "1"]
[SourceVersionDate "2017.10.13"]
[SourceQuality "1"]

1. e4 Nf6 2. e5 Nd5 3. d4 d6 4. c4 Nb6 5. exd6 cxd6 6. Nc3 g6 7. Be3 Bg7 8. Rc1 0-0 9. Be2 Nc6 10. d5 Ne5 11. b3 a5 12. f4 Ned7 13. a4 Nc5 14. Nf3 Bd7 15. 0-0 Rc8 16. Bd4 f6 17. Be3 e5 18. dxe6 Bxe6 19. Nd4 Re8 20. Nxe6 Rxe6 21. Bd4 d5 22. cxd5 Rd6 23. Bf3 Ne6 24. Be3 f5 25. Nb5 Rd7 26. dxe6 Rxd1 27. Rcxd1 Qf8 28. Bxb6 Bf6 29. Rd7 Be7 30. Kh1 Kg7 31. Rfd1 Kh6 32. g3 1-0

[Event "Belem FEXPA"]
[Site "Belem"]
[Date "2017.07.05"]
[Round "8"]
[White "Chauca, Jose Luis Murga"]
[Black "De Araujo, Jaylson Javier Silv"]
[Result "1/2-1/2"]
[WhiteElo "2050"]
[BlackElo "2057"]
[PlyCount "62"]
[EventDate "2017.07.01"]
[EventType "tourn"]
[EventRounds "9"]
[EventCountry "BRA"]
[SourceTitle "CBM 179 Extra"]
[Source "ChessBase"]
[SourceDate "2017.08.23"]
[SourceVersion "1"]
[SourceVersionDate "2017.08.23"]
[SourceQuality "1"]

1. d4 d5 2. Nf3 Nf6 3. Bf4 g6 4. h3 Bg7 5. e3 Nbd7 6. Nbd2 0-0 7. Bd3 c5 8. c3 c4 9. Bc2 b5 10. 0-0 Bb7 11. Qe2 a5 12. a3 Qb6 13. Bh2 Rfc8 14. Ne5 Nxe5 15. Bxe5 Nd7 16. Bxg7 Kxg7 17. f4 e6 18. Qf2 f5 19. Nf3 b4 20. g4 b3 21. Bd1 Nf6 22. Ne5 Qd8 23. Bf3 Nd7 24. Qg3 Nxe5 25. dxe5 Kh8 26. gxf5 gxf5 27. Kh2 Qe7 28. Rg1 Rg8 29. Qf2 Bc6 30. Rxg8+ Rxg8 31. Rg1 Be8 1/2-1/2

[Event "Belem FEXPA"]
[Site "Belem"]
[Date "2017.07.03"]
[Round "5"]
[White "Moraes, Nelson da Silva"]
[Black "Chauca, Jose Luis Murga"]
[Result "1-0"]
[WhiteElo "2233"]
[BlackElo "2050"]
[PlyCount "120"]
[EventDate "2017.07.01"]
[EventType "tourn"]
[EventRounds "9"]
[EventCountry "BRA"]
[SourceTitle "CBM 179 Extra"]
[Source "ChessBase"]
[SourceDate "2017.08.23"]
[SourceVersion "1"]
[SourceVersionDate "2017.08.23"]
[SourceQuality "1"]

1. e4 c5 2. c3 Nf6 3. e5 Nd5 4. d4 cxd4 5. Nf3 Nc6 6. cxd4 e6 7. Nc3 Nxc3 8. bxc3 d5 9. Bd3 Be7 10. Qc2 h6 11. 0-0 Bd7 12. Nd2 Rc8 13. Qd1 h5 14. Nb3 g6 15. Rb1 b6 16. Re1 Bg5 17. Be3 Be7 18. Qe2 Ba3 19. Nd2 Be7 20. Rec1 Rc7 21. Ba6 Kf8 22. Qf3 Kg7 23. Rd1 Nb8 24. Be2 Ba4 25. Rf1 Bc2 26. Rb2 Bf5 27. h3 h4 28. c4 Nc6 29. cxd5 exd5 30. Qf4 Be6 31. Rbb1 Na5 32. Bd3 Rc3 33. Ba6 Rh5 34. Qf3 Qc7 35. Qe2 Rc2 36. Qd1 Rxa2 37. Rc1 Qd7 38. Rb1 Qc7 39. Be2 Rh8 40. Rc1 Qd7 41. Nb1 Rc8 42. Nc3 Rb2 43. Ba6 Rc7 44. Na4 Rb4 45. Rxc7 Qxc7 46. Bd2 Nc6 47. Bxb4 Nxb4 48. Bd3 Qd7 49. Nc3 a6 50. Bb1 b5 51. Qe2 Qc7 52. Qe3 Nc6 53. f4 Nxd4 54. Kh2 Bc5 55. Qc1 Be7 56. Rd1 Qb6 57. Ba2 Qc5 58. Nxd5 Qxc1 59. Rxc1 Ne2 60. Rc2 Nd4 1-0

[Event "Belem FEXPA"]
[Site "Belem"]
[Date "2017.07.02"]
[Round "2"]
[White "Chauca, Jose Luis Murga"]
[Black "Delgado Ramirez, Neuris"]
[Result "0-1"]
[WhiteElo "2050"]
[BlackElo "2624"]
[PlyCount "70"]
[EventDate "2017.07.01"]
[EventType "tourn"]
[EventRounds "9"]
[EventCountry "BRA"]
[SourceTitle "CBM 179 Extra"]
[Source "ChessBase"]
[SourceDate "2017.08.23"]
[SourceVersion "1"]
[SourceVersionDate "2017.08.23"]
[SourceQuality "1"]

1. e4 c5 2. Nf3 d6 3. d4 cxd4 4. Nxd4 Nf6 5. Nc3 a6 6. g3 e5 7. Nde2 Nbd7 8. Bg2 Be7 9. 0-0 b5 10. a3 Bb7 11. h3 Nc5 12. f3 h5 13. Be3 Rc8 14. Qd2 Qc7 15. Rfd1 Ncd7 16. Rac1 Nb6 17. Bxb6 Qxb6+ 18. Kh2 0-0 19. Qe1 a5 20. Rd3 h4 21. g4 b4 22. axb4 axb4 23. Na4 Qb5 24. b3 d5 25. Qxh4 dxe4 26. fxe4 Rxc2 27. Rxc2 Qxd3 28. Rb2 Bxe4 29. Bxe4 Qxe4 30. Qf2 Qh7 31. Kg2 Nd5 32. Qf3 e4 33. Qg3 f5 34. Qe5 Ne3+ 35. Kf2 Qh4+ 0-1

[Event "Rio de Janeiro Andrade Memorial 1st"]
[Site "Rio de Janeiro"]
[Date "2017.06.18"]
[Round "5"]
[White "Guimaraes, Wagner Peixoto"]
[Black "Chauca, Jose Luis Murga"]
[Result "1-0"]
[WhiteElo "2182"]
[BlackElo "2052"]
[PlyCount "54"]
[EventDate "2017.06.15"]
[EventType "swiss"]
[EventRounds "6"]
[EventCountry "BRA"]
[SourceTitle "EXT 2018"]
[Source "ChessBase"]
[SourceDate "2017.10.13"]
[SourceVersion "1"]
[SourceVersionDate "2017.10.13"]
[SourceQuality "1"]

1. d4 Nf6 2. Bg5 d5 3. Bxf6 exf6 4. e3 c6 5. c4 Bb4+ 6. Nc3 Qa5 7. Qb3 dxc4 8. Bxc4 0-0 9. Nge2 c5 10. 0-0 cxd4 11. Nxd4 Bxc3 12. bxc3 Nd7 13. Qb4 Qe5 14. f4 Qc5 15. Rab1 a6 16. Qb3 b5 17. Bd5 Rb8 18. Kh1 Rb6 19. e4 g6 20. Rbd1 b4 21. cxb4 Rxb4 22. Qa3 Nb6 23. Nc6 Rb5 24. Qg3 Nxd5 25. exd5 Qd6 26. f5 Qxg3 27. hxg3 Bd7 1-0

[Event "Rio de Janeiro Primavera op"]
[Site "Rio de Janeiro"]
[Date "2015.11.07"]
[Round "1"]
[White "Chauca, Jose Luis Murga"]
[Black "Diaz, Marcos"]
[Result "1-0"]
[WhiteElo "2075"]
[BlackElo "1718"]
[PlyCount "41"]
[EventDate "2015.11.07"]
[EventType "swiss"]
[EventRounds "6"]
[EventCountry "BRA"]
[SourceTitle "CBM 169 Extra"]
[Source "ChessBase"]
[SourceDate "2015.12.18"]
[SourceVersion "1"]
[SourceVersionDate "2015.12.18"]
[SourceQuality "1"]

1. e4 e5 2. Nf3 d6 3. d4 Bg4 4. dxe5 Bxf3 5. Qxf3 dxe5 6. Bc4 Qd7 7. Qb3 b6 8. Nc3 Nf6 9. Bg5 c6 10. Bxf6 gxf6 11. Rd1 Qc7 12. 0-0 Bh6 13. Bxf7+ Kf8 14. Bh5 Kg7 15. Qe6 Rf8 16. Rd3 Kh8 17. Rfd1 b5 18. a3 a5 19. Rd7 Nxd7 20. Rxd7 Qc8 21. Qe7 1-0

[Event "Rio de Janeiro Primavera op"]
[Site "Rio de Janeiro"]
[Date "2015.11.07"]
[Round "2"]
[White "Leite, Claudio Henrique de"]
[Black "Chauca, Jose Luis Murga"]
[Result "0-1"]
[WhiteElo "1807"]
[BlackElo "2075"]
[PlyCount "54"]
[EventDate "2015.11.07"]
[EventType "swiss"]
[EventRounds "6"]
[EventCountry "BRA"]
[SourceTitle "CBM 169 Extra"]
[Source "ChessBase"]
[SourceDate "2015.12.18"]
[SourceVersion "1"]
[SourceVersionDate "2015.12.18"]
[SourceQuality "1"]

1. d4 Nf6 2. c4 e6 3. Nc3 d5 4. Nf3 Be7 5. e3 0-0 6. Qc2 a6 7. Bd3 dxc4 8. Bxc4 b5 9. Bd3 Bb7 10. 0-0 Nbd7 11. Ng5 h6 12. Nge4 Rc8 13. Rd1 c6 14. Nxf6+ Nxf6 15. Ne4 Nxe4 16. Bxe4 Qc7 17. Qe2 c5 18. Bxb7 Qxb7 19. dxc5 Rxc5 20. e4 Rfc8 21. b3 Bf6 22. Rb1 Rc2 23. Qg4 h5 24. Qxh5 Qxe4 25. Be3 Rxa2 26. Rbc1 Rac2 27. Ra1 Bxa1 0-1

[Event "Rio de Janeiro Guanabara op 2nd"]
[Site "Rio de Janeiro"]
[Date "2014.04.12"]
[Round "5"]
[White "Chauca, Jose Luis Murga"]
[Black "Manzi, Luiz Antonio Bardao"]
[Result "1-0"]
[WhiteElo "2061"]
[BlackElo "2080"]
[PlyCount "107"]
[EventDate "2014.03.15"]
[EventType "swiss"]
[EventRounds "6"]
[EventCountry "BRA"]
[SourceTitle "EXT 2018"]
[Source "ChessBase"]
[SourceDate "2017.10.13"]
[SourceVersion "1"]
[SourceVersionDate "2017.10.13"]
[SourceQuality "1"]

1. e4 Nf6 2. e5 Nd5 3. d4 d6 4. c4 Nb6 5. exd6 exd6 6. Nc3 Nc6 7. d5 Ne7 8. Be2 g6 9. Qd4 Rg8 10. Ne4 Bg7 11. Nf6+ Bxf6 12. Qxf6 Nf5 13. Qxd8+ Kxd8 14. Bg5+ Ke8 15. Nf3 Nd7 16. g4 Ng7 17. 0-0-0 f6 18. Be3 Kf7 19. Nd4 Ne5 20. h3 Re8 21. Kd2 a6 22. f4 Nd7 23. Nf3 Nc5 24. Bxc5 dxc5 25. Bd3 Bd7 26. Rde1 b5 27. b3 c6 28. Be4 Rad8 29. Kc3 cxd5 30. Bxd5+ Be6 31. Rxe6 Rxe6 32. Re1 Rxd5 33. cxd5 Rxe1 34. Nxe1 Ke7 35. Nc2 Kd6 36. Ne3 Ne8 37. Kd3 Nc7 38. Ke4 Na8 39. h4 Nb6 40. f5 Nd7 41. fxg6 hxg6 42. h5 f5+ 43. Kf4 fxg4 44. hxg6 Ke7 45. Nxg4 Kf8 46. d6 c4 47. bxc4 bxc4 48. Ne5 Nf6 49. Nxc4 Ke8 50. Kf5 Nh5 51. Kg5 Ng7 52. Kh6 Nf5+ 53. Kh7 Kf8 54. d7 1-0

[Event "Rio de Janeiro Guanabara op 2nd"]
[Site "Rio de Janeiro"]
[Date "2014.03.15"]
[Round "1"]
[White "Chauca, Jose Luis Murga"]
[Black "Da Silva, Claudio Oliveira"]
[Result "1-0"]
[WhiteElo "2061"]
[BlackElo "1818"]
[PlyCount "90"]
[EventDate "2014.03.15"]
[EventType "swiss"]
[EventRounds "6"]
[EventCountry "BRA"]
[SourceTitle "EXT 2018"]
[Source "ChessBase"]
[SourceDate "2017.10.13"]
[SourceVersion "1"]
[SourceVersionDate "2017.10.13"]
[SourceQuality "1"]

1. e4 e5 2. Nf3 Nc6 3. Bb5 a6 4. Ba4 Nf6 5. 0-0 b5 6. Bb3 Be7 7. a4 Bb7 8. d3 0-0 9. Nc3 b4 10. Nd5 d6 11. Nxe7+ Nxe7 12. Bg5 Nd7 13. c3 bxc3 14. bxc3 Nc5 15. Bc4 Bc6 16. Be3 Nd7 17. Qb3 h6 18. Qa2 a5 19. Rfe1 Nf6 20. Qc2 Qd7 21. h3 Rfb8 22. Bd2 Nc8 23. d4 Qe8 24. d5 Bd7 25. Bb3 Nb6 26. c4 Bc8 27. Be3 Nfd7 28. Nd2 Ba6 29. Nb1 Qe7 30. Na3 Nc5 31. Bxc5 dxc5 32. Nb5 Rd8 33. Red1 Nc8 34. Qc3 Bb7 35. Qe3 Nb6 36. f3 Nc8 37. Ra2 Kh8 38. Rad2 Ra6 39. Kh2 Rg6 40. Rf1 Rf6 41. Rdf2 c6 42. Nc3 cxd5 43. exd5 Rb6 44. Nb5 f6 45. Rd1 Qc7 1-0

[Event "Rio de Janeiro Borensztajn op 2nd"]
[Site "Rio de Janeiro"]
[Date "2013.06.29"]
[Round "4"]
[White "Rabello, David Sousa"]
[Black "Chauca, Jose Luis Murga"]
[Result "0-1"]
[WhiteElo "1880"]
[BlackElo "2057"]
[PlyCount "108"]
[EventDate "2013.06.22"]
[EventType "swiss"]
[EventRounds "7"]
[EventCountry "BRA"]
[SourceTitle "EXT 2014"]
[Source "ChessBase"]
[SourceDate "2013.11.20"]
[SourceVersion "1"]
[SourceVersionDate "2013.11.20"]
[SourceQuality "1"]

1. e4 c5 2. Nf3 e6 3. d4 cxd4 4. Nxd4 a6 5. Nc3 Qc7 6. Bd3 Bc5 7. Nb3 Be7 8. 0-0 Nf6 9. f4 d6 10. a4 Nc6 11. e5 dxe5 12. fxe5 Nxe5 13. Bf4 Qb6+ 14. Kh1 Nxd3 15. Qxd3 Bd7 16. Be3 Qc7 17. a5 Rc8 18. Bb6 Qc4 19. Qh3 Qg4 20. Qxg4 Nxg4 21. h3 Nf6 22. Rad1 Bc6 23. Nd4 0-0 24. Nxc6 Rxc6 25. Rf3 Rfc8 26. Rfd3 h6 27. Bd8 Kf8 28. Bxe7+ Kxe7 29. Kg1 Rc5 30. Kf2 Rxa5 31. Ke3 Rac5 32. Rd6 R5c6 33. R6d4 b5 34. g4 Rc4 35. Rd6 b4 36. Rxa6 bxc3 37. b3 R4c7 38. Kf3 Nd5 39. Ra4 g6 40. h4 f5 41. g5 hxg5 42. hxg5 Rh8 43. Re1 Kf7 44. Ra6 Re7 45. Rc6 Rh3+ 46. Kg2 Rh4 47. Rb1 Rg4+ 48. Kf3 e5 49. b4 e4+ 50. Kf2 f4 51. b5 f3 52. Rh1 Rg2+ 53. Kf1 Ne3+ 54. Ke1 Re2# 0-1

[Event "Rio de Janeiro Borensztajn op 2nd"]
[Site "Rio de Janeiro"]
[Date "2013.06.23"]
[Round "3"]
[White "Chauca, Jose Luis Murga"]
[Black "Reis, Virginia Lagrange M"]
[Result "1/2-1/2"]
[WhiteElo "2057"]
[BlackElo "1862"]
[PlyCount "52"]
[EventDate "2013.06.22"]
[EventType "swiss"]
[EventRounds "7"]
[EventCountry "BRA"]
[SourceTitle "EXT 2014"]
[Source "ChessBase"]
[SourceDate "2013.11.20"]
[SourceVersion "1"]
[SourceVersionDate "2013.11.20"]
[SourceQuality "1"]

1. d4 Nf6 2. Nf3 c5 3. c4 cxd4 4. Nxd4 g6 5. Nc3 Bg7 6. e4 d6 7. Be2 Nc6 8. Nc2 Be6 9. f3 Rc8 10. Be3 Ne5 11. b3 b6 12. Rc1 0-0 13. 0-0 Bd7 14. Qd2 Rc7 15. h3 Bc6 16. Nb4 Bb7 17. f4 Ned7 18. Bf3 a5 19. Nbd5 Nxd5 20. exd5 Nc5 21. Bd4 Bh6 22. Be3 Bc8 23. Nb5 Rb7 24. Nd4 Bd7 25. Rcd1 Qc8 26. Kh2 Bg7 1/2-1/2

[Event "Rio de Janeiro Borensztajn op 2nd"]
[Site "Rio de Janeiro"]
[Date "2013.06.22"]
[Round "1"]
[White "Chauca, Jose Luis Murga"]
[Black "Rodi, Luis Ernesto"]
[Result "0-1"]
[WhiteElo "2057"]
[BlackElo "2358"]
[PlyCount "113"]
[EventDate "2013.06.22"]
[EventType "swiss"]
[EventRounds "7"]
[EventCountry "BRA"]
[SourceTitle "EXT 2014"]
[Source "ChessBase"]
[SourceDate "2013.11.20"]
[SourceVersion "1"]
[SourceVersionDate "2013.11.20"]
[SourceQuality "1"]

1. e4 c6 2. d4 d5 3. exd5 cxd5 4. Bd3 Nc6 5. c3 Qc7 6. Nf3 Bg4 7. Nbd2 e6 8. h3 Bh5 9. 0-0 Bd6 10. Re1 Nge7 11. Be2 Bg6 12. Nh4 0-0 13. Nxg6 Nxg6 14. Nf3 a6 15. Bd3 Rfe8 16. Ng5 Nf8 17. Be3 f6 18. Nf3 Rad8 19. Rc1 Qf7 20. c4 Nb4 21. cxd5 Nxd5 22. a3 Rc8 23. Bc4 Qd7 24. Bxd5 exd5 25. Qb3 Ne6 26. g3 Qb5 27. Qxb5 axb5 28. Rxc8 Rxc8 29. Rc1 Rc4 30. Kf1 Bc7 31. b3 Rxc1+ 32. Bxc1 Bb6 33. Be3 Kf7 34. Ke2 g6 35. Kd3 Ng7 36. Bd2 Ke6 37. g4 g5 38. Ne1 h5 39. f4 gxf4 40. Bxf4 hxg4 41. hxg4 Kf7 42. Nc2 Ne6 43. Be3 Ke7 44. Nb4 Kd6 45. Nc2 Ba5 46. Ke2 Ke7 47. Kd3 Kf7 48. Ke2 Kg6 49. Kf3 Bb6 50. Ke2 Ba5 51. Kf3 Nd8 52. Ke2 Nf7 53. Bf4 Nd8 54. Ne3 Ne6 55. Nxd5 Nxd4+ 56. Kd1 Nxb3 57. Bc7 0-1